[Event "Bled Olympiad"]
[Site "Bled SLO"]
[Date "2002.10.29"]
[EventDate "2002.10.26"]
[Round "4"]
[Result "0-1"]
[White "Gregory Kaidanov"]
[Black "Alonso Zapata"]
[WhiteElo "2646"]
[BlackElo "2556"]
[PlyCount "112"]

1. d4 Nf6 2. c4 d6 3. Nc3 Nbd7 4. Nf3 c6 5. e4 e5 6. Be2 a6
7. O-O b5 8. a3 Be7 9. Qc2 O-O 10. Rd1 exd4 11. Nxd4 Ne5
12. cxb5 axb5 13. Bg5 Qb6 14. h3 Re8 15. b4 Bd7 16. Be3 Qb8
17. Bf4 Bd8 18. Bg3 Bb6 19. Qd2 h6 20. Nc2 Bc7 21. Ne3 Qb6
22. Qc2 Bb8 23. a4 bxa4 24. Bxe5 dxe5 25. Rxa4 Rxa4 26. Qxa4
Be6 27. Bc4 Ba7 28. Bxe6 Rxe6 29. Rd2 Qb8 30. Nf5 Kh7 31. Qb3
Bc5 32. Rb2 Bd4 33. Re2 g6 34. Nxd4 exd4 35. Na4 Nd5 36. Nc5
Re7 37. Rd2 Nc3 38. Qc4 Ra7 39. g3 Nb5 40. Kg2 Qe8 41. Re2 Ra3
42. Ra2 Rc3 43. Qe2 Rxc5 44. bxc5 Nc3 45. Qc2 Nxa2 46. Qxa2
Qxe4+ 47. Kh2 Kg7 48. Qc4 g5 49. Qb4 Qd5 50. Kg1 d3 51. Qc3+
Kg6 52. Qd2 Qe4 53. Qc3 Qe2 54. Qh8 d2 55. Qg8+ Kf6 56. Qd8+
Kf5 0-1

[Event "Bled Olympiad"]
[Site "Bled SLO"]
[Date "2002.10.29"]
[EventDate "2002.10.26"]
[Round "4"]
[Result "0-1"]
[White "Raul Fernando Henao"]
[Black "Alexander Ivanov"]
[WhiteElo "2384"]
[BlackElo "2527"]
[PlyCount "88"]

1. e4 g6 2. d4 Bg7 3. Nf3 d6 4. Be3 Nf6 5. Nc3 a6 6. Qd2 b5
7. Bd3 Bb7 8. Bh6 Bxh6 9. Qxh6 Nbd7 10. O-O e5 11. Rfe1 Ng4
12. Qd2 O-O 13. a4 exd4 14. Nxd4 Qf6 15. Bf1 c5 16. Nf3 b4
17. Nd1 Nde5 18. Nxe5 Qxe5 19. f4 Qe7 20. Bd3 Qh4 21. g3 Qh5
22. Ne3 Nf6 23. Nc4 Rad8 24. Qe2 Qxe2 25. Rxe2 Bxe4 26. Bxe4
Nxe4 27. Rxe4 d5 28. Re5 dxc4 29. Rxc5 Rd2 30. Rxc4 Re8
31. Rxb4 Rxc2 32. Rb6 Ree2 33. b4 Rg2+ 34. Kh1 Rxh2+ 35. Kg1
Rcg2+ 36. Kf1 Rxg3 37. Rxa6 h5 38. Re1 h4 39. f5 Rh1+ 40. Kf2
Rxe1 41. Kxe1 h3 42. fxg6 h2 43. gxf7+ Kxf7 44. Rh6 Rg1+ 0-1

[Event "Bled Olympiad"]
[Site "Bled SLO"]
[Date "2002.10.29"]
[EventDate "2002.10.26"]
[Round "4"]
[Result "1/2-1/2"]
[White "Dusko Pavasovic"]
[Black "Ilmars Starostits"]
[WhiteElo "2581"]
[BlackElo "2398"]
[PlyCount "113"]

1. e4 c5 2. c3 d5 3. exd5 Qxd5 4. d4 cxd4 5. cxd4 Nc6 6. Nf3
e5 7. Nc3 Bb4 8. Bd2 Bxc3 9. Bxc3 e4 10. Ne5 Nxe5 11. dxe5 Ne7
12. Be2 O-O 13. O-O Qe6 14. Qd4 Qg6 15. Rfe1 Be6 16. Bf1 Bd5
17. Bb4 Nc6 18. Qxd5 Nxb4 19. Qc4 a5 20. Rad1 Nd3 21. Bxd3
exd3 22. Qxd3 Qb6 23. Qd4 Qe6 24. a3 Rac8 25. h3 h6 26. Rd2
Rfe8 27. Qa7 b6 28. Qa6 Qf5 29. e6 Rc6 30. exf7+ Qxf7
31. Rxe8+ Qxe8 32. Qe2 Re6 33. Qc4 Kh8 34. Qd5 Kh7 35. Qd3+
Kg8 36. Qd8 Qxd8 37. Rxd8+ Kf7 38. Rd7+ Kf6 39. Rd2 Rc6
40. Kf1 Ke5 41. Ke2 g5 42. g3 Rc4 43. Kd3 Rc1 44. Re2+ Kd5
45. f4 Rh1 46. fxg5 hxg5 47. Ke3 Rxh3 48. Kf3 Rh8 49. Kg4 Rg8
50. Rf2 Kc4 51. Rf5 b5 52. a4 Rb8 53. Kxg5 bxa4 54. Rxa5 Rb5+
55. Rxb5 Kxb5 56. Kf4 Kb4 57. g4 1/2-1/2

[Event "Bled Olympiad"]
[Site "Bled SLO"]
[Date "2002.10.29"]
[EventDate "2002.10.26"]
[Round "4"]
[Result "1/2-1/2"]
[White "Adrian Mikhalchishin"]
[Black "Normunds Miezis"]
[WhiteElo "2542"]
[BlackElo "2523"]
[PlyCount "61"]

1. d4 e6 2. e4 c5 3. d5 exd5 4. exd5 d6 5. Nc3 Be7 6. Be2 Nf6
7. Nf3 O-O 8. O-O Re8 9. Bf4 Na6 10. h3 Bf8 11. Re1 h6 12. Qd2
Bd7 13. a3 Rc8 14. b3 Kh8 15. Reb1 Nc7 16. Bf1 Bf5 17. Re1 Qd7
18. Bh2 Ne4 19. Nxe4 Bxe4 20. Ne5 dxe5 21. Rxe4 Qxd5 22. Qxd5
Nxd5 23. Rxe5 Nb6 24. Rxe8 Rxe8 25. a4 Rd8 26. a5 Nc8 27. Bd3
Bd6 28. Re1 Bxh2+ 29. Kxh2 Kg8 30. Re5 b6 31. axb6 1/2-1/2

[Event "Bled Olympiad"]
[Site "Bled SLO"]
[Date "2002.10.29"]
[EventDate "2002.10.26"]
[Round "4"]
[Result "0-1"]
[White "Angelos Vouldis"]
[Black "Marat Dzhumaev"]
[WhiteElo "2526"]
[BlackElo "2495"]
[PlyCount "78"]

1. e4 g6 2. d4 Bg7 3. Nc3 c6 4. f4 d5 5. e5 h5 6. Nf3 Nh6
7. Be3 Bg4 8. h3 Nf5 9. Bf2 Bxf3 10. Qxf3 h4 11. Bd3 e6
12. O-O Bf8 13. Ne2 a5 14. b3 Na6 15. a3 a4 16. c4 axb3
17. cxd5 Qxd5 18. Be4 Qd7 19. Qxb3 Be7 20. Rab1 Rb8 21. Qf3
O-O 22. Rfd1 Rfd8 23. Nc3 Nh6 24. Na4 Nc7 25. Rxb7 Rxb7
26. Bxc6 Rb3 27. Bxd7 Rxf3 28. gxf3 Rxd7 29. Nb6 Rd8 30. a4
Nf5 31. Rc1 Nd5 32. a5 Bb4 33. Nxd5 exd5 34. a6 Ra8 35. Rc6
Kf8 36. Kf1 Ke8 37. Ke2 Kd7 38. Rb6 Be7 39. Kd3 Bd8 0-1

[Event "Bled Olympiad"]
[Site "Bled SLO"]
[Date "2002.10.29"]
[EventDate "2002.10.26"]
[Round "4"]
[Result "1/2-1/2"]
[White "Saidali Iuldachev"]
[Black "Ioannis Nikolaidis"]
[WhiteElo "2511"]
[BlackElo "2495"]
[PlyCount "40"]

1. e4 c5 2. Nf3 d6 3. c3 Nf6 4. Be2 Nbd7 5. d3 b6 6. O-O Bb7
7. Nbd2 g6 8. d4 Qc7 9. e5 dxe5 10. dxe5 Nd5 11. Ne4 Bg7
12. Bc4 Qc6 13. Qd3 Nc7 14. e6 fxe6 15. Rd1 b5 16. Qxd7+ Qxd7
17. Rxd7 Kxd7 18. Nxc5+ Kc6 19. Nxe6 bxc4 20. Nxg7 Rhf8
1/2-1/2

[Event "Bled Olympiad"]
[Site "Bled SLO"]
[Date "2002.10.29"]
[EventDate "2002.10.26"]
[Round "4"]
[Result "0-1"]
[White "Hristos Banikas"]
[Black "Sergey Zagrebelny"]
[WhiteElo "2520"]
[BlackElo "2525"]
[PlyCount "68"]

1. d4 d5 2. c4 c6 3. Nf3 Nf6 4. Nc3 a6 5. c5 Nbd7 6. Bf4 Nh5
7. e3 g6 8. Bd3 Bg7 9. O-O O-O 10. h3 Nxf4 11. exf4 b6
12. cxb6 Qxb6 13. Na4 Qa7 14. Qc1 Bxd4 15. Qxc6 Bf6 16. Qxd5
Bb7 17. Qxd7 Rfd8 18. Qc7 Bxf3 19. Qxa7 Rxa7 20. Bc4 Bc6
21. Bb3 Rd4 22. Nb6 Rxf4 23. Rac1 Bb5 24. Nd5 Bxf1 25. Nxf4
Bb5 26. Rc2 e6 27. a4 Bd7 28. Nd3 Bd4 29. Rd2 a5 30. Kh2 Rb7
31. Bd1 Kg7 32. b3 Bc6 33. Nb2 Bc3 34. Re2 Rd7 0-1

[Event "Bled Olympiad"]
[Site "Bled SLO"]
[Date "2002.10.29"]
[EventDate "2002.10.26"]
[Round "4"]
[Result "1/2-1/2"]
[White "Praveen Mahadeo Thipsay"]
[Black "Daniel Hersvik"]
[WhiteElo "2460"]
[BlackElo "2311"]
[PlyCount "121"]

1. e4 c5 2. Nf3 d6 3. d4 cxd4 4. Nxd4 Nf6 5. Nc3 g6 6. Be2 Bg7
7. O-O O-O 8. Nb3 Nc6 9. Be3 Be6 10. f4 Qc8 11. Kh1 Rd8
12. Bg1 d5 13. e5 Ne4 14. Nd4 Nxc3 15. bxc3 Nxd4 16. Bxd4 Bf5
17. Bd3 f6 18. exf6 exf6 19. Qf3 Qd7 20. Rae1 Re8 21. Bxf5
Qxf5 22. g4 Qd7 23. f5 g5 24. Rxe8+ Rxe8 25. Bxa7 Re4 26. Rd1
Qc6 27. h3 d4 28. Rd3 b6 29. Kg1 dxc3 30. Rxc3 Qb7 31. Rb3 b5
32. Bf2 Qc6 33. Rc3 Qe8 34. Re3 Re5 35. Rxe5 Qxe5 36. Qb3+ Kh8
37. c4 bxc4 38. Qxc4 h5 39. a4 hxg4 40. hxg4 Bf8 41. Qd4 Qe2
42. a5 Kg7 43. Qa4 Bd6 44. Qd7+ Be7 45. Qd4 Kf7 46. Kg2 Qb5
47. Qa7 Qd5+ 48. Kh2 Kf8 49. Qb8+ Kf7 50. Qc7 Kf8 51. Qc8+ Kg7
52. Qc7 Kf8 53. Bg3 Qd2+ 54. Kh3 Qe2 55. Qc8+ Kf7 56. Qb7 Qf1+
57. Qg2 Qc4 58. Be1 Bd6 59. Qf3 Bc7 60. Kg2 Bxa5 61. Bxa5
1/2-1/2

[Event "Bled Olympiad"]
[Site "Bled SLO"]
[Date "2002.10.29"]
[EventDate "2002.10.26"]
[Round "4"]
[Result "0-1"]
[White "Torstein Bae"]
[Black "Ramachandran Ramesh"]
[WhiteElo "2370"]
[BlackElo "2475"]
[PlyCount "64"]

1. e4 c5 2. Nf3 Nc6 3. d4 cxd4 4. Nxd4 Nf6 5. Nc3 d6 6. Bc4 e6
7. Be3 a6 8. O-O Qc7 9. Bb3 Be7 10. f4 Nxd4 11. Qxd4 O-O
12. h3 b5 13. f5 Rb8 14. Ne2 e5 15. Qd3 b4 16. g4 Bb7 17. Ng3
d5 18. exd5 e4 19. Nxe4 Nxe4 20. Qxe4 Qg3+ 21. Kh1 Qxh3+
22. Kg1 Qg3+ 23. Kh1 Bd6 24. Bf4 Qh3+ 25. Kg1 Bc5+ 26. Rf2
Qxg4+ 27. Kf1 Bxf2 28. Kxf2 Rbe8 29. Qf3 Qxf5 30. Bd6 Qg5
31. Bxf8 Kxf8 32. Qg3 Re2+ 0-1

[Event "Bled Olympiad"]
[Site "Bled SLO"]
[Date "2002.10.29"]
[EventDate "2002.10.26"]
[Round "4"]
[Result "1-0"]
[White "Vasile Sanduleac"]
[Black "Martin Neubauer"]
[WhiteElo "2471"]
[BlackElo "2388"]
[PlyCount "107"]

1. e4 e5 2. Nf3 Nc6 3. Bc4 Nf6 4. d3 Bc5 5. c3 a6 6. Bb3 O-O
7. Qe2 d6 8. Nbd2 Be6 9. Bc2 h6 10. h3 d5 11. Nf1 b5 12. Ng3
Re8 13. O-O dxe4 14. Nxe4 Nxe4 15. Qxe4 Bd5 16. Qg4 Qf6
17. Be3 Be6 18. Qg3 Be7 19. Nd2 Rad8 20. f4 Qh4 21. Qxh4 Bxh4
22. f5 Bd5 23. Ne4 Bxe4 24. dxe4 Bg5 25. Kf2 Rd6 26. Rfd1 Red8
27. Rxd6 Rxd6 28. Ke2 Bxe3 29. Kxe3 Na5 30. b3 c5 31. Rc1 Kf8
32. Bd3 Ke7 33. Be2 Rb6 34. h4 Nb7 35. g4 f6 36. Rg1 Nd6
37. g5 hxg5 38. hxg5 Nf7 39. gxf6+ gxf6 40. Rg8 Rc6 41. Ra8
Nd8 42. Ra7+ Kd6 43. Bh5 Rb6 44. Be8 Nb7 45. Bf7 Kc7 46. Bd5
Kb8 47. Rxb7+ Rxb7 48. Bxb7 Kxb7 49. Kf3 a5 50. Kg4 c4
51. bxc4 Kb6 52. Kh5 Kc5 53. cxb5 Kxb5 54. Kg6 1-0

[Event "Bled Olympiad"]
[Site "Bled SLO"]
[Date "2002.10.29"]
[EventDate "2002.10.26"]
[Round "4"]
[Result "0-1"]
[White "Friedrich Karl Volkmann"]
[Black "Dmitry Svetushkin"]
[WhiteElo "2435"]
[BlackElo "2505"]
[PlyCount "84"]

1. e4 c6 2. d4 d5 3. e5 c5 4. dxc5 Nc6 5. Bb5 e6 6. Be3 Nge7
7. c3 Bd7 8. Bxc6 Bxc6 9. Nf3 Nf5 10. Bd4 a5 11. O-O Nxd4
12. cxd4 b6 13. cxb6 Qxb6 14. Nc3 Qxb2 15. Rb1 Qxc3 16. Rc1
Qb2 17. Rxc6 Be7 18. Rc7 a4 19. Qc1 Qb5 20. Qf4 Qb4 21. Rfc1
O-O 22. h4 Rab8 23. g3 h6 24. Kg2 Qa3 25. R1c3 Qb4 26. Nh2 Bd8
27. a3 Qb2 28. R7c6 Ba5 29. Rc2 Qxa3 30. Ng4 Qd3 31. Ra2 Rb1
32. Qe3 Qf1+ 33. Kf3 Re1 34. Nxh6+ gxh6 35. Qxh6 Qh1+ 36. Kg4
Qe4+ 37. f4 Qf5+ 38. Kf3 Bd8 39. Kg2 Qe4+ 40. Kh3 Rh1+ 41. Rh2
Qf5+ 42. g4 Qd3+ 0-1

[Event "Bled Olympiad"]
[Site "Bled SLO"]
[Date "2002.10.29"]
[EventDate "2002.10.26"]
[Round "4"]
[Result "1/2-1/2"]
[White "Georg Danner"]
[Black "Alexey Khruschiov"]
[WhiteElo "2370"]
[BlackElo "2412"]
[PlyCount "144"]

1. d4 d5 2. c4 e6 3. Nc3 Nf6 4. Nf3 Bb4 5. e3 O-O 6. Bd3 c5
7. O-O Nc6 8. a3 Bxc3 9. bxc3 dxc4 10. Bxc4 Qc7 11. Ba2 b6
12. Qe2 e5 13. h3 Bb7 14. Bb2 Rad8 15. Rad1 h6 16. dxe5 Nxe5
17. Nxe5 Qxe5 18. c4 Qe7 19. f3 Rfe8 20. Bb1 Kf8 21. Rfe1 Ba6
22. Rxd8 Rxd8 23. Qc2 Qe6 24. Ba2 Ne8 25. e4 g5 26. e5 Nc7
27. Rd1 Rxd1+ 28. Qxd1 Ke8 29. Qc2 Ke7 30. Kh2 Qd7 31. h4 Bc8
32. Bc3 g4 33. Qd2 gxf3 34. Qxd7+ Bxd7 35. gxf3 Be6 36. a4 Bf5
37. Bb3 Ne6 38. Kg3 h5 39. Kf2 Nf4 40. a5 bxa5 41. Bxa5 Ke6
42. Bc7 Nd3+ 43. Ke3 Nxe5 44. f4 Ng6 45. Bd8 f6 46. Bd1 Nxh4
47. Bxh5 Ng2+ 48. Kf3 Ne1+ 49. Ke2 Nc2 50. Be8 Be4 51. Ba4
Nd4+ 52. Ke3 Bc6 53. Bd1 Nf5+ 54. Kd3 Nd6 55. Bg4+ f5 56. Bd1
Nb7 57. Bc7 Kd7 58. Be5 Nd8 59. Kc3 Be4 60. Ba4+ Ke7 61. Bb8
a6 62. Bc7 Ne6 63. Be5 Nf8 64. Bd1 Bc6 65. Bc2 Bd7 66. Kb3 Ng6
67. Bb8 Nh4 68. Bd1 Ng2 69. Bf3 Ne3 70. Ba7 Kd6 71. Bb8+ Ke6
72. Ba7 Kd6 1/2-1/2

[Event "Bled Olympiad"]
[Site "Bled SLO"]
[Date "2002.10.29"]
[EventDate "2002.10.26"]
[Round "4"]
[Result "1-0"]
[White "Hannes Stefansson"]
[Black "Michael Adams"]
[WhiteElo "2566"]
[BlackElo "2745"]
[PlyCount "99"]

1. e4 e5 2. Nf3 Nc6 3. Bb5 a6 4. Ba4 Nf6 5. O-O Be7 6. Re1 b5
7. Bb3 O-O 8. a4 Bb7 9. d3 Re8 10. Nbd2 Bf8 11. Nf1 Na5
12. Ba2 h6 13. Ne3 c5 14. Nh4 d5 15. exd5 Nxd5 16. Qh5 c4
17. dxc4 Nf4 18. Qg4 h5 19. Qg3 bxc4 20. Nf3 h4 21. Qxh4 Bxf3
22. Qxd8 Rexd8 23. gxf3 Rac8 24. Ng2 Nh3+ 25. Kf1 c3 26. bxc3
Rxc3 27. Ne3 Nc6 28. Rb1 Rd7 29. Rb3 Rxb3 30. Bxb3 Nd4 31. Rd1
Rc7 32. Nd5 Rb7 33. Rxd4 exd4 34. Kg2 Nxf2 35. Kxf2 d3 36. Ke3
dxc2 37. Bxc2 Bc5+ 38. Ke2 Rd7 39. Bb3 Rd6 40. Bc4 Kf8 41. Bd2
Rc6 42. Kd3 Rd6 43. a5 Rc6 44. h3 Rg6 45. Nc7 Rg3 46. Bd5 Rxh3
47. Nxa6 Bg1 48. Nb4 Rh4 49. a6 Ke7 50. Bg5+ 1-0

[Event "Bled Olympiad"]
[Site "Bled SLO"]
[Date "2002.10.29"]
[EventDate "2002.10.26"]
[Round "4"]
[Result "1-0"]
[White "Emanuel Berg"]
[Black "Carlos Pereira dos Santos"]
[WhiteElo "2535"]
[BlackElo "2420"]
[PlyCount "39"]

1. e4 e5 2. Nf3 Nc6 3. d4 exd4 4. Nxd4 g6 5. Nc3 Bg7 6. Be3
Nf6 7. Nxc6 bxc6 8. e5 Nd5 9. Nxd5 cxd5 10. Qxd5 Rb8 11. O-O-O
O-O 12. c3 d6 13. exd6 Bg4 14. Qc4 Qc8 15. dxc7 Rb7 16. Rd8
Qxc7 17. Rxf8+ Kxf8 18. Qxg4 Bxc3 19. b3 Bf6+ 20. Bc4 1-0

[Event "Bled Olympiad"]
[Site "Bled SLO"]
[Date "2002.10.29"]
[EventDate "2002.10.26"]
[Round "4"]
[Result "1-0"]
[White "Antonio Fernandes"]
[Black "Jonny Hector"]
[WhiteElo "2482"]
[BlackElo "2590"]
[PlyCount "79"]

1. d4 d5 2. c4 c6 3. Nf3 Nf6 4. e3 Bf5 5. Nc3 e6 6. Bd3 Be7
7. O-O O-O 8. Qc2 Bg6 9. Ne5 Nbd7 10. Nxg6 hxg6 11. Bd2 Rc8
12. c5 e5 13. f4 e4 14. Be2 Nh7 15. b4 b5 16. a4 a6 17. axb5
axb5 18. Ra7 f5 19. g4 g5 20. gxf5 Ndf6 21. Be1 Rc7 22. Qa2
Qd7 23. Rxc7 Qxc7 24. Bg3 Qb7 25. Ra1 Qc8 26. Qa6 Qxf5
27. Qxc6 gxf4 28. exf4 g5 29. Rf1 Rf7 30. Qxb5 Nf8 31. Qb8
N6d7 32. Qa8 Bf6 33. Nb5 Rg7 34. Nd6 Qh3 35. Qxd5+ Kh8
36. fxg5 Ne6 37. Nxe4 Nxg5 38. Nxf6 Nxf6 39. Rxf6 Ne6 40. Qxe6
1-0

[Event "Bled Olympiad"]
[Site "Bled SLO"]
[Date "2002.10.29"]
[EventDate "2002.10.26"]
[Round "4"]
[Result "0-1"]
[White "Diogo Fernando"]
[Black "Stellan Brynell"]
[WhiteElo "2408"]
[BlackElo "2524"]
[PlyCount "96"]

1. e4 e6 2. d4 d5 3. e5 c5 4. c3 Qb6 5. Nf3 Nc6 6. Be2 Nh6
7. Bxh6 gxh6 8. Qd2 Bg7 9. O-O O-O 10. Na3 cxd4 11. cxd4 Bd7
12. Nc2 a5 13. Ne3 h5 14. a4 f6 15. Bb5 fxe5 16. Bxc6 bxc6
17. Nxe5 Be8 18. f4 Rb8 19. Rf2 c5 20. dxc5 Qxc5 21. g3 Rb3
22. Re1 Bxa4 23. Nd1 d4 24. Re4 Rb4 25. Nd3 Qd5 26. Rfe2 Rb6
27. Ne5 Rd8 28. Nf2 Bb5 29. Nfd3 Ba6 30. Re1 Bb7 31. Nf2 Rb3
32. Ned3 Rc8 33. Qe2 a4 34. f5 exf5 35. Re8+ Rxe8 36. Qxe8+
Bf8 37. Nf4 Qf7 38. Qxa4 Rb4 39. Qc2 h4 40. N2d3 hxg3 41. Nxb4
Bxb4 42. Re5 Bd6 43. Qxf5 gxh2+ 44. Kxh2 Qxf5 45. Rxf5 d3
46. Rf6 Be5 47. Rf5 d2 48. Rg5+ Kf7 0-1

[Event "Bled Olympiad"]
[Site "Bled SLO"]
[Date "2002.10.29"]
[EventDate "2002.10.26"]
[Round "4"]
[Result "0-1"]
[White "Ian Rogers"]
[Black "Alexei Fedorov"]
[WhiteElo "2557"]
[BlackElo "2564"]
[PlyCount "96"]

1. e4 c5 2. Nf3 Nc6 3. d4 cxd4 4. Nxd4 e5 5. Nb5 d6 6. N1c3 a6
7. Na3 b5 8. Nd5 Nf6 9. Bg5 Be7 10. Bxf6 Bxf6 11. c3 Bg5
12. Nc2 O-O 13. g3 Rb8 14. Bg2 a5 15. a3 Ne7 16. Nxe7+ Qxe7
17. O-O Be6 18. f4 exf4 19. gxf4 Bf6 20. Nd4 Bd7 21. Qd2 Rfc8
22. Kh1 Rc4 23. Rae1 b4 24. axb4 Bxd4 25. cxd4 Rcxb4 26. b3
Qd8 27. f5 Rxb3 28. f6 g6 29. Rc1 Bh3 30. Qh6 Bxg2+ 31. Kxg2
Rb2+ 32. Kg1 Qf8 33. Qxf8+ Kxf8 34. Rc7 Re2 35. e5 dxe5 36. d5
Rd2 37. Rfc1 Rxd5 38. R1c6 e4 39. Kf2 Re8 40. Ke3 Rf5 41. h4
Rf3+ 42. Ke2 Rf4 43. h5 e3 44. hxg6 hxg6 45. Ra6 a4 46. Rca7
Rf2+ 47. Ke1 a3 48. Ra8 a2 0-1

[Event "Bled Olympiad"]
[Site "Bled SLO"]
[Date "2002.10.29"]
[EventDate "2002.10.26"]
[Round "4"]
[Result "1/2-1/2"]
[White "Andrei Kovalev"]
[Black "Darryl K Johansen"]
[WhiteElo "2555"]
[BlackElo "2512"]
[PlyCount "71"]

1. e4 e6 2. d4 d5 3. Nc3 Bb4 4. e5 Qd7 5. a3 Bf8 6. Nf3 b6
7. b4 Ne7 8. Rb1 c5 9. bxc5 bxc5 10. dxc5 Nec6 11. Be3 Na6
12. Nd4 Nc7 13. Ncb5 Nxe5 14. Bf4 f6 15. Bxe5 fxe5 16. Qh5+
Kd8 17. Qg5+ Be7 18. Qxg7 Rf8 19. Qxe5 Bxc5 20. Be2 Nxb5
21. Bxb5 Qd6 22. Nc6+ Kc7 23. Qg7+ Qd7 24. Qc3 Qd6 25. O-O d4
26. Qd3 a6 27. Qxh7+ Qd7 28. Bd3 Qxh7 29. Bxh7 Bb7 30. Nb4 Rh8
31. Nd3 Bd6 32. Rxb7+ Kxb7 33. Be4+ Kc7 34. g3 Rab8 35. a4 Kd7
36. Ra1 1/2-1/2

[Event "Bled Olympiad"]
[Site "Bled SLO"]
[Date "2002.10.29"]
[EventDate "2002.10.26"]
[Round "4"]
[Result "1/2-1/2"]
[White "Gary W Lane"]
[Black "Sergei Azarov"]
[WhiteElo "2436"]
[BlackElo "2520"]
[PlyCount "43"]

1. e4 e5 2. Nf3 Nc6 3. d4 exd4 4. Nxd4 Bc5 5. Nxc6 Qf6 6. Qd2
bxc6 7. Nc3 Ne7 8. Bd3 Ng6 9. O-O O-O 10. Kh1 Bb4 11. f4 d6
12. Qf2 Bxc3 13. bxc3 Qxc3 14. Rb1 Qf6 15. Bb2 Qe7 16. Qd4 f6
17. Qc4+ Be6 18. Qxc6 Bxa2 19. Ra1 Bf7 20. Bd4 a5 21. Bc3 a4
22. Rxa4 1/2-1/2

[Event "Bled Olympiad"]
[Site "Bled SLO"]
[Date "2002.10.29"]
[EventDate "2002.10.26"]
[Round "4"]
[Result "1-0"]
[White "Fernando Peralta"]
[Black "Niaz Murshed"]
[WhiteElo "2478"]
[BlackElo "2443"]
[PlyCount "83"]

1. Nf3 Nf6 2. c4 c6 3. Nc3 d5 4. e3 e6 5. b3 Nbd7 6. Qc2 Bd6
7. Bb2 O-O 8. Be2 a6 9. d4 b5 10. O-O Bb7 11. Rad1 b4 12. Na4
Qb8 13. Bd3 h6 14. h3 Re8 15. Rfe1 Qc7 16. c5 Bf8 17. a3 bxa3
18. Bc3 a5 19. Ra1 Ba6 20. Rxa3 Bxd3 21. Qxd3 Reb8 22. Rea1
Ne4 23. Nb2 Rb5 24. Be1 e5 25. Qc2 exd4 26. exd4 Qb7 27. Nd3
Rb8 28. Bxa5 Rxb3 29. Rxb3 Qxb3 30. Qxb3 Rxb3 31. Nde5 Nxe5
32. Nxe5 Be7 33. Nxc6 Bf6 34. Rd1 Rb2 35. Be1 Kf8 36. Kf1 Ke8
37. f3 Ng5 38. Nb4 Ne6 39. Bc3 Rb3 40. Nxd5 Nxc5 41. dxc5 Bxc3
42. c6 1-0

[Event "Bled Olympiad"]
[Site "Bled SLO"]
[Date "2002.10.29"]
[EventDate "2002.10.26"]
[Round "4"]
[Result "1-0"]
[White "Ziaur Rahman"]
[Black "Pablo Ricardi"]
[WhiteElo "2523"]
[BlackElo "2544"]
[PlyCount "109"]

1. Nf3 Nf6 2. c4 g6 3. Nc3 d5 4. Qa4+ Bd7 5. Qb3 dxc4 6. Qxc4
Nc6 7. d4 a6 8. e4 b5 9. Qd3 Bg7 10. Be2 O-O 11. O-O Na5
12. e5 Bf5 13. exf6 Bxd3 14. fxg7 Kxg7 15. Bxd3 c5 16. Be4
cxd4 17. Bxa8 dxc3 18. Be4 Qc7 19. bxc3 Rd8 20. Be3 Nc4
21. Rae1 e5 22. Bc2 f6 23. Bb3 Rd3 24. Bxc4 Qxc4 25. Rd1 Qxc3
26. h4 Kf7 27. Rc1 Qa5 28. Rc2 Qd8 29. Rc6 Qa5 30. Rfc1 Qxa2
31. Rb6 Rd7 32. Rcc6 Qb1+ 33. Kh2 Qf5 34. Rxa6 h6 35. Nd2 Kg7
36. g3 g5 37. hxg5 hxg5 38. Rd6 Rf7 39. Kg2 Kg6 40. Ra7 Rxa7
41. Bxa7 Qc8 42. Be3 Qa8+ 43. Kh2 Kf7 44. g4 b4 45. Rb6 Qc8
46. Rxb4 f5 47. gxf5 Qxf5 48. Ne4 Kg7 49. Nxg5 Qc8 50. Re4 Kg6
51. Nf3 Qa8 52. Rg4+ Kf6 53. Kg3 Qb7 54. Rg5 Qb8 55. Rxe5 1-0

[Event "Bled Olympiad"]
[Site "Bled SLO"]
[Date "2002.10.29"]
[EventDate "2002.10.26"]
[Round "4"]
[Result "0-1"]
[White "Bin-Sattar Reefat"]
[Black "Sergio Slipak"]
[WhiteElo "2448"]
[BlackElo "2498"]
[PlyCount "84"]

1. e4 c6 2. d4 d5 3. e5 Bf5 4. Nf3 e6 5. a3 Nd7 6. Be2 Bg6
7. O-O Nh6 8. Nbd2 Be7 9. Re1 O-O 10. Nf1 Nf5 11. Ng3 c5
12. Nxf5 Bxf5 13. Be3 c4 14. Qd2 b5 15. h3 a5 16. Bg5 Bxg5
17. Nxg5 Qe7 18. c3 h6 19. Nf3 Nb8 20. g4 Be4 21. Nh2 Qh4
22. Qe3 Nc6 23. Bf1 Bg6 24. Bg2 b4 25. Nf3 Qe7 26. Nd2 bxc3
27. bxc3 Ra6 28. f4 Bd3 29. f5 Qh4 30. f6 Rb6 31. Ra2 Rfb8
32. Kh2 Rb2 33. Rxb2 Rxb2 34. Nf3 Qf2 35. Qxf2 Rxf2 36. Kg3
Ra2 37. Bf1 Bxf1 38. Rxf1 Rxa3 39. Rc1 a4 40. Kh4 g6 41. Kg3
Na5 42. h4 Nb3 0-1

[Event "Bled Olympiad"]
[Site "Bled SLO"]
[Date "2002.10.29"]
[EventDate "2002.10.26"]
[Round "4"]
[Result "1/2-1/2"]
[White "Anh Dung Nguyen"]
[Black "Cerdas Barus"]
[WhiteElo "2540"]
[BlackElo "2479"]
[PlyCount "84"]

1. d4 Nf6 2. Nf3 e6 3. c4 b6 4. g3 Ba6 5. b3 Bb7 6. Bg2 Bb4+
7. Bd2 a5 8. O-O O-O 9. Nc3 d6 10. Qc2 Nbd7 11. Rfe1 Bxc3
12. Bxc3 Be4 13. Qb2 c6 14. Bf1 d5 15. Nd2 Bg6 16. a4 Nb8
17. Bg2 Na6 18. e4 Re8 19. Rac1 h6 20. Qa3 Ra7 21. e5 Nd7
22. cxd5 cxd5 23. Bf1 Ndb8 24. Bb5 Rf8 25. Nf1 Nc7 26. Be2 Rb7
27. Bd2 Qd7 28. Ne3 Rd8 29. Nc2 Nc6 30. Qa1 b5 31. Qc3 bxa4
32. bxa4 Bxc2 33. Rxc2 Nb4 34. Rb2 Qxa4 35. Reb1 Rdb8 36. Qf3
Qd7 37. Qg4 Kf8 38. Qh5 Nb5 39. Bxh6 gxh6 40. Qxh6+ Ke8
41. Qh8+ Ke7 42. Qf6+ Ke8 1/2-1/2

[Event "Bled Olympiad"]
[Site "Bled SLO"]
[Date "2002.10.29"]
[EventDate "2002.10.26"]
[Round "4"]
[Result "1/2-1/2"]
[White "Sadikin Irwanto"]
[Black "Thanh Son Nguyen"]
[WhiteElo "2416"]
[BlackElo "2450"]
[PlyCount "50"]

1. d4 d5 2. Nf3 Nf6 3. c4 c6 4. Nc3 dxc4 5. e4 b5 6. e5 Nd5
7. a4 e6 8. axb5 Bb4 9. Bd2 Bxc3 10. bxc3 cxb5 11. Ng5 h6
12. Ne4 O-O 13. Be2 Bd7 14. O-O Bc6 15. Bf3 Nd7 16. Nd6 N7b6
17. Qc1 a5 18. Bxh6 gxh6 19. Qxh6 f6 20. Qg6+ Kh8 21. Qh5+ Kg8
22. Qg4+ Kh8 23. Qh3+ Kg7 24. Qg4+ Kh8 25. Qh5+ Kg7 1/2-1/2

[Event "Bled Olympiad"]
[Site "Bled SLO"]
[Date "2002.10.29"]
[EventDate "2002.10.26"]
[Round "4"]
[Result "1-0"]
[White "Muhammad Ivan Situru"]
[Black "Hoang Thong Tu"]
[WhiteElo "2377"]
[BlackElo "2507"]
[PlyCount "65"]

1. d4 d5 2. c4 e6 3. Nc3 Nf6 4. cxd5 exd5 5. Bg5 Nbd7 6. e3
Bb4 7. Bd3 c5 8. Nge2 c4 9. Bc2 h6 10. Bh4 O-O 11. O-O Be7
12. f3 a6 13. a4 b6 14. Bf2 Rb8 15. Nf4 Bb7 16. e4 dxe4
17. fxe4 Bb4 18. e5 Bxc3 19. bxc3 Nd5 20. Nxd5 Bxd5 21. Bg3
Rb7 22. Qh5 Qg5 23. Qe2 b5 24. Be4 Bxe4 25. Qxe4 Rb6 26. axb5
axb5 27. Ra7 Nb8 28. d5 Qd8 29. e6 fxe6 30. Rxf8+ Qxf8
31. dxe6 Nc6 32. e7 Nxe7 33. Rxe7 1-0

[Event "Bled Olympiad"]
[Site "Bled SLO"]
[Date "2002.10.29"]
[EventDate "2002.10.26"]
[Round "4"]
[Result "1/2-1/2"]
[White "Rogelio Antonio Jr"]
[Black "Luc Winants"]
[WhiteElo "2507"]
[BlackElo "2504"]
[PlyCount "38"]

1. e4 e5 2. Nf3 Nc6 3. Bb5 Nf6 4. O-O Bc5 5. c3 O-O 6. d4 Bb6
7. Re1 d6 8. h3 h6 9. a4 a5 10. Be3 exd4 11. Nxd4 Nxd4
12. Bxd4 c6 13. Bc4 Nxe4 14. Rxe4 d5 15. Bxb6 Qxb6 16. Bxd5
cxd5 17. Re2 Bd7 18. Qd4 Qxd4 19. cxd4 Rfe8 1/2-1/2

[Event "Bled Olympiad"]
[Site "Bled SLO"]
[Date "2002.10.29"]
[EventDate "2002.10.26"]
[Round "4"]
[Result "0-1"]
[White "Ekrem Cekro"]
[Black "Mark Paragua"]
[WhiteElo "2432"]
[BlackElo "2476"]
[PlyCount "78"]

1. c4 g6 2. Nc3 Bg7 3. g3 Nf6 4. Bg2 O-O 5. e3 d6 6. Nge2 c5
7. d4 Nc6 8. O-O Bd7 9. h3 Rb8 10. b3 a6 11. Bb2 cxd4 12. exd4
b5 13. cxb5 axb5 14. d5 Na5 15. Nd4 b4 16. Nce2 Nb7 17. Nf4
Nc5 18. Re1 Re8 19. Qd2 Qb6 20. Nc6 Bxc6 21. dxc6 e6 22. Rac1
Red8 23. Qc2 Ne8 24. Bxg7 Kxg7 25. Red1 Rbc8 26. Qc4 Nc7
27. Qd4+ Kg8 28. Nd3 N7a6 29. Rc4 Qa5 30. Nxb4 d5 31. c7 Rd7
32. Nc6 Qxc7 33. Rxc5 Nxc5 34. Ne5 Rdd8 35. Ng4 Nd7 36. Nh6+
Kf8 37. Qh8+ Ke7 38. Qxh7 Rf8 39. Bxd5 Nf6 0-1